Derecho, accin̤ y polt̕ica en Hannah Arendt

Detalles Bibliográficos
Autor principal: Fontǹez Torres, Érika
Formato: eBook
Lenguaje:español
Publicado: Bogot:̀ Siglo del Hombre Editores, 2019
Materias:
Acceso en línea:Acceso restringido

MARC

LEADER 00000nam a22000007a 4500
005 20210506002934.0
007 cr|||| ||||
008 210506s2019 co |||||s|||| 00||0 spa d
020 |a 978-958-665-607-8 
035 |a 33255 
040 |a vLex 
090 |c 11616  |d 11616 
100 1 |a Fontǹez Torres, Érika 
245 1 0 |a Derecho, accin̤ y polt̕ica en Hannah Arendt  |h [Recurso electrn̤ico] /  |c Érika Fontǹez Torres 
256 |a Servicio en ln̕ea 
260 |a Bogot:̀  |b Siglo del Hombre Editores,  |c 2019 
300 |a 1 recurso electrn̤ico 
500 |a Este libro expone la relacin̤ entre el Derecho y la polt̕ica en la obra de Hanna Arendt. El planteamiento principal es que la reivindicacin̤ y reconceptualizacin̤ que Arendt hace de la polt̕ica permite concebir un lugar para el Derecho que lejos de obstaculizar la accin̤ ciudadana y la democracia directa, busca potenciarlas. El Derecho en la teora̕ polt̕ica arendtiana sirve para garantizar la capacidad de actuar de los seres humanos en el mundo comn︢. Libro en coedicin̤ con la Facultad de Derecho de la Universidad de los Andes. 
506 1 |a Disponible solo en los productos indicados  |d vLex Global  |d vLex Global (Academic Edition, excluding Law Schools)  |d vLex Global (U.S. Academic Edition, Law Schools)  |d vLex Global (U.S. Academic Edition, excluding Law Schools)  |d vLex Global (Academic Edition, Law Schools) 
650 0 4 |a Derecho Constitucional  |z Colombia 
740 0 |a vLex Libros (Servicio en ln̕ea) 
856 4 0 |u https://vlex.com/source/derecho-accion-y-politica-en-hannah-arendt-33255  |z Acceso restringido 
942 |c BOOK 
999 0 |a Constitutional right